=LDR 00000nam 2200000 4500 =001 INLIS000000000026487 =005 20130612124927 =008 ***********************************Ind** =035 ##$$0010-061300000026487 =041 ##$$a Ind =082 ##$$a 651.3 =090 ##$$a 651.3, Mar i =100 ##$$a Martono, Engelbertus =245 ##$$a Ilmu tata usaha terapan dalam praktek kegiatan penyelenggaraan kantor, Engelbertus Martono =260 ##$$a 1990 $b Jakarta =300 ##$$a vii, 143 hlm, ilus, 23 cm =650 ##$$a Manajemen Perkantoran =850 ##$$a NBPNMAT